The visual J++ handbook / (Record no. 62035)

MARC details
000 -LEADER
fixed length control field 00632nam a22001697a 4500
005 - DATE AND TIME OF LATEST TRANSACTION
control field 20120206132249.0
008 - FIXED-LENGTH DATA ELEMENTS--GENERAL INFORMATION
fixed length control field 120206t xxu||||| |||| 00| 0 eng d
020 ## - INTERNATIONAL STANDARD BOOK NUMBER
International Standard Book Number 0074632795
Terms of availability 00.00
035 ## - SYSTEM CONTROL NUMBER
System control number A-937725
040 ## - CATALOGING SOURCE
Original cataloging agency DPL
Language of cataloging ENG
100 ## - MAIN ENTRY--PERSONAL NAME
Personal name Maso, Brian
9 (RLIN) 40915
245 ## - TITLE STATEMENT
Title The visual J++ handbook /
Statement of responsibility, etc by Brian Maso
260 ## - PUBLICATION, DISTRIBUTION, ETC. (IMPRINT)
Place of publication, distribution, etc New Delhi
Name of publisher, distributor, etc Tata McGraw-Hill Publishing
Date of publication, distribution, etc 1997
300 ## - PHYSICAL DESCRIPTION
Extent 440p.
Dimensions 22 cms.
942 ## - ADDED ENTRY ELEMENTS (KOHA)
Source of classification or shelving scheme Dewey Decimal Classification
Item type English Books
Classification part 005.1
Call number suffix MAS
Holdings
Withdrawn status Lost status Source of classification or shelving scheme Damaged status Not for loan Collection code Home library Current library Shelving location Date acquired Cost, normal purchase price Total Checkouts Full call number Barcode Date last seen Cost, replacement price Koha item type
    Dewey Decimal Classification     Non-fiction Sarojini Nagar Sarojini Nagar General Stacks 06/02/2012 0.00   005.1 MAS A-937725 06/02/2012 0.00 English Books

© Delhi Public Library
Hit Counter
free hit counter